| 000 | 00431cam a22001451 4500 | ||
|---|---|---|---|
| 050 | 0 | 0 |
_aQD541 _b.H5 |
| 100 | 1 |
_aHildebrand, Joel H. _d1881- |
|
| 245 | 1 | 0 |
_aRegular solutions / _c[by] Joel H. Hildebrand and Robert L. Scott. |
| 260 |
_aEnglewood Cliffs, N.J. [USA] : _bPrentice-Hall Inc., _cc1962. |
||
| 300 | _ax, 180 p. | ||
| 500 | _aincludes index | ||
| 650 | _bSolution (Chemistry) | ||
| 700 | 1 | _aScott, Robert Lane, | |
| 942 | _cGEN | ||
| 999 |
_c2196 _d2196 |
||